000 00909cam a2200373 4500
001 J108552
008 000000n2000 000 0 eng u
035 _a(Sirsi) u108552
050 _a332.6324094
110 _aGVA Grimley
_93646
245 _aEconomic and property market review - Europe - Spring 2000
260 _aLondon
_bGVA Grimley
_c2000
300 _a16p. ; 30cm.
650 _aPROPERTY MARKET
650 _aGDP
650 _aRENTS
650 _aYIELDS
650 _aINDUSTRIAL
650 _aOFFICES
650 _aUNITED KINGDOM
650 _aGERMANY
650 _aFRANCE
650 _aITALY
650 _aSPAIN
650 _aNETHERLANDS
650 _aAUSTRIA
650 _aPORTUGAL
650 _aIRELAND
650 _aPOLAND
650 _aCZECH REPUBLIC
650 _aHUNGARY
690 _aPROPERTY-COMMERCIAL PROPERTY-COMMERCIAL PROPERTY MARKET
942 _n0
999 _c100816
_d100816